| 000 | 01460nam0a22003251 4500 | ||
|---|---|---|---|
| 001 | rc\2243 | ||
| 005 | 20260407073208.0 | ||
| 021 |
_aRU _b96-РК-5916/23, 24 |
||
| 035 | _a(NLR Aleph) 005292749 | ||
| 090 |
_a6207290 _c6207290 |
||
| 100 | _a20021204d1994 |||y0rusy50 ca | ||
| 101 | 0 | _arus | |
| 102 | _aRU | ||
| 105 | _ay z|||||||| | ||
| 200 | 1 |
_aАктуальные проблемы внешнеэкономической безопасности России _fВ.С. Загашвили _gИн-т мировой экономики и междунар. отношений РАН |
|
| 210 |
_aМосква _cб.и. _d1994 |
||
| 215 |
_a73 с. _d29 |
||
| 300 | _aНа обл. автор не указан | ||
| 320 | _aБиблиогр.: с. 69-72 и в сносках в конце глав | ||
| 606 | 1 |
_aЭкономическая безопасность _91557922 _3RU\NLR\AUTH\66681123 |
|
| 607 |
_aРоссийская Федерация _xЭкономические взаимоотношения _92071077 _3RU\NLR\AUTH\661245821 |
||
| 686 | 1 | _aУ9(2)-971(2Р) | |
| 700 | 1 |
_aЗагашвили _bВ. С. _gВладислав Степанович |
|
| 712 | 0 | 2 |
_4475 _aИнститут мировой экономики и международных отношений _cМосква _9277290 _3RU\NLR\AUTH\883073 |
| 801 | 0 |
_aRU _bNLR _gpsbo |
|
| 801 | 1 |
_aRU _bELAR _2rusmarc |
|
| 852 |
_aNLR _j96-8/1582 |
||
| 942 | _cBOOK | ||
| 980 | _aNB | ||